<?xml version="1.0" encoding="UTF-8"?>
<record
    xmlns:xsi="http://www.w3.org/2001/XMLSchema-instance"
    xsi:schemaLocation="http://www.loc.gov/MARC21/slim http://www.loc.gov/standards/marcxml/schema/MARC21slim.xsd"
    xmlns="http://www.loc.gov/MARC21/slim">

  <leader>00766nam a22001577a 4500</leader>
  <controlfield tag="003">OSt</controlfield>
  <controlfield tag="005">20150919171926.0</controlfield>
  <controlfield tag="008">150919b        xxu||||| |||| 00| 0 eng d</controlfield>
  <datafield tag="040" ind1=" " ind2=" ">
    <subfield code="c">RUA</subfield>
  </datafield>
  <datafield tag="082" ind1=" " ind2=" ">
    <subfield code="a">AGR SOK 2008 B038 Or.1</subfield>
  </datafield>
  <datafield tag="100" ind1=" " ind2=" ">
    <subfield code="9">894</subfield>
    <subfield code="a">SOK, TITSOPHEA.</subfield>
  </datafield>
  <datafield tag="245" ind1=" " ind2=" ">
    <subfield code="a">Comparison of rifferent seedling quality phaka rumduol rice variety  at royal university of agriculture &#x1780;&#x17B6;&#x179A;&#x1794;&#x17D2;&#x179A;&#x17C0;&#x1794;&#x1792;&#x17C0;&#x1794;&#x1782;&#x17BB;&#x178E;&#x1797;&#x17B6;&#x1796;&#x179F;&#x17C6;&#x178E;&#x17B6;&#x1794;&#x1781;&#x17BB;&#x179F;&#x1782;&#x17D2;&#x1793;&#x17B6;&#x179B;&#x17BE;&#x1796;&#x17BC;&#x1787;&#x179F;&#x17D2;&#x179A;&#x17BC;&#x179C;&#x1795;&#x17D2;&#x1780;&#x17B6;&#x179A;&#x17C6;&#x178A;&#x17BD;&#x179B;&#x1793;&#x17C5;&#x179F;&#x17D2;&#x1790;&#x17B6;&#x1793;&#x17B8;&#x1799;&#x17CD;&#x1796;&#x17B7;&#x179F;&#x17C4;&#x1792;&#x1793;&#x17CD;&#x178A;&#x17C6;&#x178E;&#x17B6;&#x17C6;&#x1793;&#x17C3;&#x179F;&#x17B6;&#x1780;&#x179B;&#x179C;&#x17B7;&#x1791;&#x17D2;&#x1799;&#x17B6;&#x179B;&#x17D0;&#x1799;&#x1797;&#x17BC;&#x1798;&#x17B7;&#x1793;&#x17D2;&#x1791;&#x1780;&#x179F;&#x17B7;&#x1780;&#x1798;&#x17D2;&#x1798;</subfield>
  </datafield>
  <datafield tag="260" ind1=" " ind2=" ">
    <subfield code="a">Phnom Penh </subfield>
    <subfield code="b">RUA</subfield>
    <subfield code="c">2008</subfield>
  </datafield>
  <datafield tag="300" ind1=" " ind2=" ">
    <subfield code="a">xiv; 55p.</subfield>
    <subfield code="b">ill.</subfield>
    <subfield code="c">29cm.</subfield>
  </datafield>
  <datafield tag="942" ind1=" " ind2=" ">
    <subfield code="2">ddc</subfield>
    <subfield code="c">AGR</subfield>
  </datafield>
  <datafield tag="999" ind1=" " ind2=" ">
    <subfield code="c">862</subfield>
    <subfield code="d">862</subfield>
  </datafield>
  <datafield tag="952" ind1=" " ind2=" ">
    <subfield code="0">0</subfield>
    <subfield code="1">0</subfield>
    <subfield code="2">ddc</subfield>
    <subfield code="4">0</subfield>
    <subfield code="6">AGR_SOK_2008_000000000000000_B038_OR_1</subfield>
    <subfield code="7">0</subfield>
    <subfield code="9">3398</subfield>
    <subfield code="a">LBB</subfield>
    <subfield code="b">LBB</subfield>
    <subfield code="c">B038</subfield>
    <subfield code="d">2015-09-19</subfield>
    <subfield code="l">1</subfield>
    <subfield code="o">AGR SOK 2008 B038 Or.1</subfield>
    <subfield code="p">RUA002496</subfield>
    <subfield code="r">2018-04-25</subfield>
    <subfield code="s">2018-04-02</subfield>
    <subfield code="w">2015-09-19</subfield>
    <subfield code="y">AGR</subfield>
  </datafield>
  <datafield tag="952" ind1=" " ind2=" ">
    <subfield code="0">0</subfield>
    <subfield code="1">0</subfield>
    <subfield code="2">ddc</subfield>
    <subfield code="4">0</subfield>
    <subfield code="6">AGR_SOK_2008_000000000000000_B038_OR_2</subfield>
    <subfield code="7">0</subfield>
    <subfield code="9">3399</subfield>
    <subfield code="a">LBB</subfield>
    <subfield code="b">LBB</subfield>
    <subfield code="c">B038</subfield>
    <subfield code="d">2015-09-19</subfield>
    <subfield code="l">1</subfield>
    <subfield code="o">AGR SOK 2008 B038 Or.2</subfield>
    <subfield code="p">RUA002138</subfield>
    <subfield code="r">2018-04-03</subfield>
    <subfield code="s">2018-03-21</subfield>
    <subfield code="w">2015-09-19</subfield>
    <subfield code="y">AGR</subfield>
  </datafield>
  <datafield tag="952" ind1=" " ind2=" ">
    <subfield code="0">0</subfield>
    <subfield code="1">0</subfield>
    <subfield code="2">ddc</subfield>
    <subfield code="4">0</subfield>
    <subfield code="6">AGR_SOK_2008_000000000000000_B038_OR_3</subfield>
    <subfield code="7">0</subfield>
    <subfield code="9">3400</subfield>
    <subfield code="a">LBB</subfield>
    <subfield code="b">LBB</subfield>
    <subfield code="c">B038</subfield>
    <subfield code="d">2015-09-19</subfield>
    <subfield code="o">AGR SOK 2008 B038 Or.3</subfield>
    <subfield code="p">RUA002497</subfield>
    <subfield code="r">2015-09-19</subfield>
    <subfield code="w">2015-09-19</subfield>
    <subfield code="y">AGR</subfield>
  </datafield>
  <datafield tag="952" ind1=" " ind2=" ">
    <subfield code="0">0</subfield>
    <subfield code="1">0</subfield>
    <subfield code="2">ddc</subfield>
    <subfield code="4">0</subfield>
    <subfield code="6">AGR_SOK_2008_000000000000000_B038_OR_4</subfield>
    <subfield code="7">0</subfield>
    <subfield code="9">3401</subfield>
    <subfield code="a">LBB</subfield>
    <subfield code="b">LBB</subfield>
    <subfield code="c">B038</subfield>
    <subfield code="d">2015-09-19</subfield>
    <subfield code="l">2</subfield>
    <subfield code="o">AGR SOK 2008 B038 Or.4</subfield>
    <subfield code="p">RUA002424</subfield>
    <subfield code="r">2022-02-04</subfield>
    <subfield code="s">2022-01-25</subfield>
    <subfield code="w">2015-09-19</subfield>
    <subfield code="y">AGR</subfield>
  </datafield>
  <datafield tag="952" ind1=" " ind2=" ">
    <subfield code="0">0</subfield>
    <subfield code="1">0</subfield>
    <subfield code="2">ddc</subfield>
    <subfield code="4">0</subfield>
    <subfield code="6">AGR_SOK_2008_000000000000000_B038_OR_5</subfield>
    <subfield code="7">0</subfield>
    <subfield code="9">3402</subfield>
    <subfield code="a">LBB</subfield>
    <subfield code="b">LBB</subfield>
    <subfield code="c">B038</subfield>
    <subfield code="d">2015-09-19</subfield>
    <subfield code="o">AGR SOK 2008 B038 Or.5</subfield>
    <subfield code="p">RUA002421</subfield>
    <subfield code="r">2015-09-19</subfield>
    <subfield code="w">2015-09-19</subfield>
    <subfield code="y">AGR</subfield>
  </datafield>
  <datafield tag="952" ind1=" " ind2=" ">
    <subfield code="0">0</subfield>
    <subfield code="1">0</subfield>
    <subfield code="2">ddc</subfield>
    <subfield code="4">0</subfield>
    <subfield code="6">AGR_SOK_2008_000000000000000_B038_OR_6</subfield>
    <subfield code="7">0</subfield>
    <subfield code="9">3403</subfield>
    <subfield code="a">LBB</subfield>
    <subfield code="b">LBB</subfield>
    <subfield code="c">B038</subfield>
    <subfield code="d">2015-09-19</subfield>
    <subfield code="l">1</subfield>
    <subfield code="o">AGR SOK 2008 B038 Or.6</subfield>
    <subfield code="p">RUA002349</subfield>
    <subfield code="r">2017-02-20</subfield>
    <subfield code="s">2017-02-10</subfield>
    <subfield code="w">2015-09-19</subfield>
    <subfield code="y">AGR</subfield>
  </datafield>
  <datafield tag="952" ind1=" " ind2=" ">
    <subfield code="0">0</subfield>
    <subfield code="1">0</subfield>
    <subfield code="2">ddc</subfield>
    <subfield code="4">0</subfield>
    <subfield code="6">AGR_SOK_2008_000000000000000_B038_OR_7</subfield>
    <subfield code="7">0</subfield>
    <subfield code="9">3404</subfield>
    <subfield code="a">LBB</subfield>
    <subfield code="b">LBB</subfield>
    <subfield code="c">B038</subfield>
    <subfield code="d">2015-09-19</subfield>
    <subfield code="o">AGR SOK 2008 B038 Or.7</subfield>
    <subfield code="p">RUA002277</subfield>
    <subfield code="r">2015-09-19</subfield>
    <subfield code="w">2015-09-19</subfield>
    <subfield code="y">AGR</subfield>
  </datafield>
  <datafield tag="952" ind1=" " ind2=" ">
    <subfield code="0">0</subfield>
    <subfield code="1">0</subfield>
    <subfield code="2">ddc</subfield>
    <subfield code="4">0</subfield>
    <subfield code="6">AGR_SOK_2008_000000000000000_B038_OR_9</subfield>
    <subfield code="7">0</subfield>
    <subfield code="9">54205</subfield>
    <subfield code="a">LBC</subfield>
    <subfield code="b">LBC</subfield>
    <subfield code="d">2016-10-26</subfield>
    <subfield code="o">AGR SOK 2008 B038 Or.9</subfield>
    <subfield code="p">A02382</subfield>
    <subfield code="r">2016-10-26</subfield>
    <subfield code="w">2016-10-26</subfield>
    <subfield code="y">AGR</subfield>
  </datafield>
</record>
